ბათუმის შოთა რუსთაველის სახელმწიფო უნივერსიტეტის ბიბლიოთეკა

Процессы и аппараты химической и нефтехимической технологий. (ბიბ.ჩანაწერი № 47100)

000 -LEADER
fixed length control field 00822nam a2200229Ia 4500
001 - CONTROL NUMBER
control field 13957
003 - CONTROL NUMBER IDENTIFIER
control field GE_BSU
008 - FIXED-LENGTH DATA ELEMENTS--GENERAL INFORMATION
fixed length control field 181216s||||||||xx |||||||||||||| ||und||
040 ## - CATALOGING SOURCE
Transcribing agency GE_BSU
080 ## - UNIVERSAL DECIMAL CLASSIFICATION NUMBER
Universal Decimal Classification number 66.01/07(075.8)
100 ## - MAIN ENTRY--PERSONAL NAME
Personal name Плановский,А.Н. Никаев,П.И.
245 ## - TITLE STATEMENT
Title Процессы и аппараты химической и нефтехимической технологий.
245 ## - TITLE STATEMENT
Remainder of title Учебник.
245 ## - TITLE STATEMENT
Statement of responsibility, etc. Р.Е.Миневич.
250 ## - EDITION STATEMENT
Edition statement Изд. 2-е, перераб. и доп.
260 ## - PUBLICATION, DISTRIBUTION, ETC.
Place of publication, distribution, etc. М.
260 ## - PUBLICATION, DISTRIBUTION, ETC.
Name of publisher, distributor, etc. Химия.
260 ## - PUBLICATION, DISTRIBUTION, ETC.
Date of publication, distribution, etc. 1972.
300 ## - PHYSICAL DESCRIPTION
Extent 496 стр. с илл. 22см. Библиогр.: стр.481-484.
653 ## - INDEX TERM--UNCONTROLLED
Uncontrolled term Процессы и аппараты химической и нефтехимической технологий.
942 ## - ADDED ENTRY ELEMENTS (KOHA)
Koha item type წიგნი
ეგზემპლარები
Withdrawn status Lost status Damaged status Not for loan Date acquired Barcode Date last seen Price effective from Koha item type
        2018-12-17 10204 2018-12-17 2018-12-17 წიგნი
        2018-12-17 10205 2018-12-17 2018-12-17 წიგნი